TV Shows: Laugh Track or Not? Quiz Stats

 Plays Quiz Updated Aug 30, 2012

Challenge
Share
Tweet
Embed
Score 0/22 Timer 06:00
0 Plays Today
Show Laugh/None (L/N) % Correct
Everybody Loves Raymond???
88.9%
Friends???
85.4%
The Brady Bunch???
84.5%
The Office???
83.4%
The Big Bang Theory???
82.3%
The Simpsons???
82.3%
SpongeBob SquarePants???
81.6%
According to Jim???
81.1%
Arrested Development???
80.2%
Seinfeld???
78.5%
Parks and Recreation???
78.1%
Show Laugh/None (L/N) % Correct
Cheers???
77%
Scrubs???
74.9%
Curb Your Enthusiasm???
74.5%
How I Met Your Mother???
74.1%
Malcolm in the Middle???
73.5%
Alf???
72.2%
Whitney???
71.5%
Andy Griffith Show???
70.7%
2 Broke Girls???
69.5%
Better Off Ted???
58.4%
The Bernie Mac Show???
45.1%

You're not logged in!

Compare scores with friends on all Sporcle quizzes.
OR
Log In

You Might Also Like...

Show Comments

Extras

Top Quizzes Today


Score Distribution

Your Account Isn't Verified!

In order to create a playlist on Sporcle, you need to verify the email address you used during registration. Go to your Sporcle Settings to finish the process.

Report this User

Report this user for behavior that violates our Community Guidelines.

Details: